| 000 | 00572nam a2200229 a 4500 | ||
|---|---|---|---|
| 999 |
_c4968 _d4968 |
||
| 001 | 4968 | ||
| 003 | BD-JhCC | ||
| 005 | 20171206093959.0 | ||
| 008 | 171206s1961 u a|||| |||| 000 0 eng d | ||
| 035 | _a(BD-JhCC) 4968 | ||
| 040 |
_aBD-JhCC _dBD-JhCC |
||
| 041 | _aeng | ||
| 082 |
_a621.8 _bSYR 1961 |
||
| 100 | _aSyrocki, John | ||
| 245 |
_aWhat is Machine / _cJohn Syrocki |
||
| 260 |
_aNew york : _bWilliam Collins sons and co, _c1961. |
||
| 300 |
_a45 p. : _c20 cm. _bill. ; |
||
| 650 | _aMachine | ||
| 700 | _aFried, Albert | ||
| 942 |
_2ddc _cBK |
||